| 000 | 00815nam a22003137a 4500 | ||
|---|---|---|---|
| 003 | OSt | ||
| 005 | 20140331102015.0 | ||
| 008 | 140331b xxu||||| |||| 00| 0 eng d | ||
| 020 | _a9780590999410 | ||
| 050 |
_aLB 1049.9 _b.Sh529s66 1997 |
||
| 100 | _aShapiro, Don. | ||
| 245 |
_aTank Talk : _ba story about marine biologist Laela Sayigh / _cDon Shapiro. |
||
| 260 |
_aUSA : _bScholastic Inc., _cc1997. |
||
| 300 |
_a15 p. : _bcol. ill. ; _c14 cm. |
||
| 521 | _aG1 | ||
| 526 | _c200 | ||
| 650 | _aReaders (Primary) | ||
| 650 |
_aReading _xPhonetic method. |
||
| 650 |
_aSayigh, Laela _xJuvenile literature. |
||
| 942 |
_2lcc _cBK |
||
| 999 |
_c48790 _d48790 |
||